अपनी रामरसोई; (Record no. 199155)
[ view plain ]
| 000 -LEADER | |
|---|---|
| fixed length control field | 00775nam a22001817a 4500 |
| 005 - DATE AND TIME OF LATEST TRANSACTION | |
| control field | 20231212150448.0 |
| 010 ## - LCCN (DPL NO) | |
| LC control number | HIN-126352 |
| 020 ## - INTERNATIONAL STANDARD BOOK NUMBER | |
| International Standard Book Number | 9789389245202 |
| Terms of availability | 499.00 |
| 035 ## - SYSTEM CONTROL NUMBER | |
| System control number | HN-98698 |
| 037 ## - SOURCE OF ACQUISITION | |
| Source of stock number/acquisition | DBAD/PUB |
| 082 ## - DEWEY DECIMAL CLASSIFICATION NUMBER | |
| Classification number | 363.8 |
| 100 ## - MAIN ENTRY--PERSONAL NAME | |
| Personal name | सुशोभित |
| 245 ## - TITLE STATEMENT | |
| Title | अपनी रामरसोई; |
| Remainder of title | भारत मे भोजन और भजन / |
| Statement of responsibility, etc | सुशोभित |
| 260 ## - PUBLICATION, DISTRIBUTION, ETC. (IMPRINT) | |
| Place of publication, distribution, etc | लखनऊ |
| Name of publisher, distributor, etc | दिव्पयांश पब्लिकेशन्स |
| Date of publication, distribution, etc | 2021 |
| 270 ## - ADDRESS | |
| Address | C-1-30, अंसल ए. पी.आई. सुशान्त ग्लोफ़ सिटी |
| City | लखनऊ |
| Postal code | 226030 |
| Telephone number | 09415185960 |
| 300 ## - PHYSICAL DESCRIPTION | |
| Extent | 128 पिष्ट.; |
| Dimensions | 23 (सजिल्द) |
| 942 ## - ADDED ENTRY ELEMENTS (KOHA) | |
| Item type | Hindi Books |
| Source of classification or shelving scheme | Dewey Decimal Classification |
| Classification part | 363.8 |
| Call number suffix | सुशोभि |
| Withdrawn status | Lost status | Not for loan | Collection code | Home library | Current library | Date acquired | Source of acquisition | Cost, normal purchase price | Full call number | Barcode | Copy number | Cost, replacement price | Koha item type |
|---|---|---|---|---|---|---|---|---|---|---|---|---|---|
| Non-fiction | Vinoba Puri | Vinoba Puri | 20/11/2023 | DBAD/PUB | 499.00 | 363.8 सुशोभि | HN-98698 | 1 | 499.00 | Hindi Books |
